[Event "FRA-ch U20"]
[Site "Gonfreville"]
[Date "2016.04.11"]
[Round "3"]
[White "Billiar Bourgy, Vincent"]
[Black "Bandet, Raphael"]
[Result "1/2-1/2"]
[WhiteElo "2106"]
[BlackElo "2193"]
[PlyCount "83"]
[EventDate "2016.04.10"]
[EventType "swiss"]
[EventRounds "9"]
[EventCountry "FRA"]
[SourceTitle "CBM 171 Extra"]
[Source "ChessBase"]
[SourceDate "2016.04.26"]
[SourceVersion "1"]
[SourceVersionDate "2016.04.26"]
[SourceQuality "1"]

1. e4 e5 2. Nf3 Nc6 3. Bb5 a6 4. Bxc6 dxc6 5. 0-0 Bg4 6. h3 h5 7. d3 Qf6 8. Be3 Bxf3 9. Qxf3 Qxf3 10. gxf3 Bd6 11. Nd2 f6 12. Nc4 g5 13. Rfb1 Ne7 14. Kf1 Kf7 15. Ke2 Rag8 16. b4 g4 17. hxg4 hxg4 18. fxg4 Rxg4 19. Nxd6+ cxd6 20. Rg1 Rxg1 21. Rxg1 f5 22. f3 Rh2+ 23. Bf2 Ng6 24. Kf1 Nf4 25. a4 d5 26. exf5 a5 27. bxa5 Rxf2+ 28. Kxf2 Nh3+ 29. Kf1 Nxg1 30. Kxg1 d4 31. Kf2 Kf6 32. c3 dxc3 33. Ke2 Kxf5 34. Kd1 Kf4 35. Kc2 Kxf3 36. Kxc3 Ke3 37. Kc4 Kd2 38. Kc5 Kxd3 39. Kb6 e4 40. Kxb7 e3 41. a6 e2 42. a7 1/2-1/2

[Event "Saint Affrique op 22nd"]
[Site "Saint Affrique"]
[Date "2014.07.25"]
[Round "8.17"]
[White "Prieu, Arnaud"]
[Black "Billiar Bourgy, Vincent"]
[Result "0-1"]
[WhiteElo "1572"]
[BlackElo "1959"]
[PlyCount "60"]
[EventDate "2014.07.19"]
[EventType "swiss"]
[EventRounds "9"]
[EventCountry "FRA"]
[SourceTitle "CBM 161 Extra"]
[Source "ChessBase"]
[SourceDate "2014.08.29"]
[SourceVersion "1"]
[SourceVersionDate "2014.08.29"]
[SourceQuality "1"]

1. e4 c5 2. Nc3 Nc6 3. f4 d6 4. Nf3 g6 5. d3 Bg7 6. Be3 Nf6 7. h3 Rb8 8. g4 h5 9. g5 Nd7 10. Bg2 b5 11. d4 b4 12. Ne2 Ba6 13. dxc5 dxc5 14. e5 Qb6 15. Qd5 e6 16. Qd2 Rd8 17. Qc1 Bxe2 18. Kxe2 Qb5+ 19. Kf2 Nb6 20. Bf1 Qa5 21. Nd2 Nd4 22. Nb3 Qa4 23. c3 bxc3 24. bxc3 Nxb3 25. axb3 Qxb3 26. Bxc5 Bf8 27. Rb1 Bxc5+ 28. Kg3 Qd5 29. Qc2 0-0 30. Be2 Qd2 0-1

[Event "FRA-ch op-C"]
[Site "Pau"]
[Date "2012.08.22"]
[Round "8"]
[White "Thomas, Apolline"]
[Black "Billiar Bourgy, Vincent"]
[Result "1-0"]
[WhiteElo "1699"]
[BlackElo "1680"]
[PlyCount "63"]
[EventDate "2012.08.14"]
[EventType "swiss"]
[EventRounds "11"]
[EventCountry "FRA"]
[SourceTitle "EXT 2014"]
[Source "ChessBase"]
[SourceDate "2013.11.20"]
[SourceVersion "1"]
[SourceVersionDate "2013.11.20"]
[SourceQuality "1"]

1. e4 d6 2. d4 Nf6 3. Nc3 g6 4. f4 Bg7 5. a3 0-0 6. Nf3 c5 7. dxc5 dxc5 8. Qxd8 Rxd8 9. e5 Ne8 10. Bc4 Bf5 11. Ng5 e6 12. Nge4 Bxe4 13. Nxe4 Rd4 14. Bd3 Bf8 15. Be3 Rd5 16. Bb5 Nc6 17. Bxc6 bxc6 18. Ke2 Rb8 19. Rab1 c4 20. Nd2 c3 21. bxc3 Rxb1 22. Nxb1 Ra5 23. Rd1 Bxa3 24. Nxa3 Rxa3 25. Rd8 Rxc3 26. Rxe8+ Kg7 27. Kd2 Rc4 28. Bxa7 Rxf4 29. Bc5 h5 30. Rc8 Rg4 31. g3 h4 32. Bf2 1-0

[Event "FRA-ch op-C"]
[Site "Pau"]
[Date "2012.08.18"]
[Round "5"]
[White "Rioland, Paul"]
[Black "Billiar Bourgy, Vincent"]
[Result "0-1"]
[WhiteElo "1749"]
[BlackElo "1680"]
[PlyCount "82"]
[EventDate "2012.08.14"]
[EventType "swiss"]
[EventRounds "11"]
[EventCountry "FRA"]
[SourceTitle "EXT 2014"]
[Source "ChessBase"]
[SourceDate "2013.11.20"]
[SourceVersion "1"]
[SourceVersionDate "2013.11.20"]
[SourceQuality "1"]

1. e4 d6 2. d4 Nf6 3. Nc3 g6 4. f4 Bg7 5. Nf3 0-0 6. Be2 c5 7. d5 b5 8. e5 dxe5 9. fxe5 Ng4 10. 0-0 b4 11. Ne4 Nxe5 12. Be3 Nbd7 13. Kh1 Nxf3 14. Bxf3 Bxb2 15. Rb1 Bg7 16. Nxc5 a5 17. Ne6 fxe6 18. dxe6 Ra6 19. exd7 Qxd7 20. Qe2 Rd6 21. Bg5 Ba6 22. Qxe7 Bxf1 23. Qxd7 Bxg2+ 24. Kxg2 Rxd7 25. Bc6 Rc7 26. Ba4 h6 27. Bb3+ Kh7 28. Be3 Rf5 29. Rd1 Re7 30. Rd3 h5 31. h3 Bh6 32. Bxh6 Kxh6 33. Rd2 Re3 34. Ba4 Rfe5 35. Rd6 Ra3 36. Bb3 a4 37. Bf7 Rg5+ 38. Kh2 Rc3 39. Rd2 Rgc5 40. Rd4 Rxc2+ 41. Kh1 Rf2 0-1